| 000 | 00960nam a2200217 a 4500 | ||
|---|---|---|---|
| 999 |
_c7607 _d7607 |
||
| 003 | OSt | ||
| 005 | 20211227133051.0 | ||
| 008 | A00321s1972 sp 000 spa | ||
| 016 | _aDL M15955-1974 | ||
| 040 |
_bcat _cCDMR |
||
| 100 | 1 |
_aRomero Rubio, Andrés _9338 |
|
| 245 | 1 | 0 |
_aCometido y responsabilidad de la familia y de los educadores ante los medios de comunicación destinados a los niños y a los jóvenes: [V curso para la obtención del diploma en publicaciones infantiles y juveniles, Madrid 12 febrero-8 marzo 1973] / _cpor Andrés Romero Rubio |
| 260 |
_aMadrid : _bPublicaciones de la Secretaría de la Escuela de Periodismo, _c1974 |
||
| 300 |
_a16 pàgines _c; 22 cm |
||
| 650 | 0 | 0 |
_aRevistes infantils _94166 |
| 650 | 0 | 0 |
_aMitjans de comunicació de massa i joves _94515 |
| 650 | 0 | 0 |
_aMitjans de comunicació de massa i nens _94809 |
| 650 | 0 | 0 |
_aRevistes juvenils _94803 |
| 710 | 2 |
_aEscuela Oficial de Periodismo _92816 |
|
| 942 |
_2udc _cFULLET |
||